| 000 | 04264nam a22003137i 4500 | ||
|---|---|---|---|
| 001 | TCPA 60 | ||
| 003 | gtcocun | ||
| 005 | 20250908232031.0 | ||
| 006 | a||||gr|||| 00| 0 | ||
| 008 | 250908b2017 gt ||||| m||| 00| 0 eng d | ||
| 040 |
_agtcocun _bSPA _cgtcocun _eRDA |
||
| 041 | _aSPA | ||
| 084 | _0TCPA 60 | ||
| 100 |
_aSierra Paredes, Helga Ivonne _eAutor |
||
| 245 |
_aInforme final del Ejercicio Profesional Supervisado, realizado en Alimentos Refrijerados del Norte, S.A., del municipio de Santa Cruz Verapaz del departamento de Alta Verapaz/ _cHelga Ivonne Sierra Paredes _hImpreso |
||
| 264 |
_aCobán, Alta Verapaz: _bUniversidad de San Carlos de Guatemala, Centro Universitario del Norte, Licenciatura en Contaduría Pública y Auditoría. _c2017 |
||
| 300 |
_a55 p.: _bIlustraciones, gráficas. _c28 cm; PDF |
||
| 336 |
_2rdacontenido _aTexto _btxt |
||
| 337 |
_2rdamedio _aComputadora _bn |
||
| 338 |
_2rdasoporte _aCódigo en línea _bcr |
||
| 502 | _e. | ||
| 502 |
_aTesis de grado _bLicenciatura en Contaduría Pública y Auditoría. _cUniversidad de San Carlos de Guatemala, Centro Universitario del Norte, Licenciatura en Contaduría Pública y Auditoría. _d2017 _oTCPA 60 |
||
| 520 | 1 | 4 | _aLa Universidad de San Carlos de Guatemala es una de las más importantes y la única estatal en toda la República de Guatemala. En la región norte se ubica el Centro Universitario del Norte (CUNOR) y como parte de las carreras de las Ciencias Económicas está la de Contaduría Pública y Auditoría siendo la principal en el ámbito financiero, fiscal y contable; con plan diario y fin de semana. De esta forma se apoya a los estudiantes en su formación profesional. La carrera se aprueba con cuarenta y cuatro cursos, y los primeros dos años son de área común. Este informe contiene los resultados del Ejercicio Profesional Supervisado realizado en Alimentos Refrigerados del Norte, S.A. ubicada en el municipio de Santa Cruz Verapaz del Departamento de Alta Verapaz, y como principal actividad la transformación, elaboración y distribución de productos lácteos. El proceso inició con un diagnóstico que permitió identificar las áreas vulnerables de la empresa, los riesgos y las medidas de control implementadas. A través del análisis de las fortalezas, debilidades, amenazas y oportunidades, se concretaron los problemas más importantes. Una descripción general de la empresa, información del área de influencia, así como una breve historia de la unidad, objetivos, los diferentes recursos con los que cuenta y la situación económica, social, tecnológica y ambiental. La segunda fase del proceso consistió en la elaboración del plan de trabajo, donde se describieron las actividades que darían solución a la problemática y con base en los programas planteados llevar a cabo cada una de ellas. En la tercera fase, se procedió con la ejecución de las actividades del plan de trabajo. Donde se elaboró y diseñó un manual contable que incluyó un catálogo de cuentas apegado al giro habitual de la empresa, se establecieron políticas y procedimientos contables tomando como base los principios generales según las Normas Internacionales de Información Financiera para las Pequeñas y Medianas Empresas. Se actualizaron los registros contables en los libros auxiliares y principales de contabilidad, proceso que finalizó con la elaboración de los estados financieros de los años 2014 y 2015. Seguidamente se realizó la toma de inventario de activos fijos, los cuales se identificaron, codificaron y se estableció el libro auxiliar de inventario. Con ello se implementaron las tarjetas de responsabilidad para los empleados sobre los activos fijos. De esta forma se contribuyó a fortalecer los procesos contables y administrativos de la empresa Alimentos Refrigerados del Norte, S.A. |
| 650 | 1 | 4 |
_2LEMB _aCobán, Alta Verapaz _xmanual contable _xestados financierso _xinventario _xtargetas de responsabilidad |
| 700 |
_aLic. Teófilo Remigio Caal Barrientos _eAsesor |
||
| 856 |
_uhttps://drive.google.com/file/d/15HxRrECqwGqMj6SBQsaIxA5Sj20_Fe-D/view?usp=sharing _yPDF _zUn ejemplar en línea. |
||
| 942 |
_2ddc _cTES _iTCPA_60 _kClasificación _n0 _6TCPA__60 |
||
| 999 |
_c1770 _d1770 |
||